Alle Länder des Britischen Kolonialreichs (mit Karte) - Statistiken

Allgemein
  • Dieses Quiz wurde 26 mal gespielt
  • Das Durchschnittsergebnis liegt bei 56 aus 74
Antworten auf der Karte
Die Antworten werden auf der Karte rot bzw. grün angezeigt, abhängig davon wie oft sie richtig erraten wurden.
 
Antwortstatistiken
Land % Korrekt
Kanada
100%
Ägypten
95%
Australien
95%
Guyana
95%
Indien
95%
Irland
95%
Namibia
95%
Pakistan
95%
Sri Lanka
95%
Eswatini
91%
Grossbritannien
91%
Lesotho
91%
Libyen
91%
Nepal
91%
Neuseeland
91%
Sudan
91%
Bahamas
86%
Botswana
86%
Ghana
86%
Irak
86%
Jemen
86%
Kenia
86%
Malaysia
86%
Nigeria
86%
Oman
86%
Südsudan
86%
Bangladesch
82%
Kuwait
82%
Myanmar
82%
Papua-Neuguinea
82%
Somalia
82%
Tansania
82%
Vereinigte Arabische Emirate
82%
Bhutan
77%
Jordanien
77%
Malawi
77%
Trinidad und Tobago
77%
Uganda
77%
Barbados
73%
Grenada
73%
Jamaika
73%
Katar
73%
Sambia
73%
Sierra Leone
73%
Simbabwe
73%
Zypern
73%
Bahrain
68%
Belize
68%
Malediven
68%
Nauru
68%
Saint Lucia
68%
Salomonen
68%
Seychellen
68%
Türkei
68%
Tuvalu
68%
Antigua und Barbuda
64%
Brunei
64%
Dominica
64%
Fidschi
64%
Israel
64%
Kamerun
64%
Kiribati
64%
Saudiarabien
64%
Tonga
64%
Vanuatu
64%
China
59%
Malta
59%
Mauritius
59%
Samoa
59%
Singapur
59%
Südafrika
59%
Gambia
41%
Saint Vincent und die Grenadinen
41%
Saint Kitts und Nevis
36%
Keine übereinstimmenden Quizze gefunden
Verteilung der Resultate
Anzahl Personen mit jedem Resultat
Perzentil nach korrekt beantworteten Fragen
Ihre Resultats-Entwicklung
Sie haben dieses Quiz noch nicht gespielt